000 nam a22 7a 4500
999 _c20505
_d20505
008 170119b xxu||||| |||| 00| 0 eng d
020 _a9780205697410
050 _aN 5300
_b.J3 2007
100 _aDavies, Penelope J. E.
_d2007.
245 _aJanson's history of art:
_bThe middle ages/
_cPenelope J. E. Davies, David L. Simon, Walter B. Denny, Ann M. Roberts,Frima Fox Hofrichter, Joseph Jacobs
250 _a7th ed.
260 _aUpper Saddle River:
_bPrentice Hall
_c2007.
300 _aix,467p.:
_bill.;
_c28cm.
521 _aIncludes bibliographical references and index.
650 _aArt- history.
700 _aSimon, David L.
700 _aDenny, Walter B.
700 _aRoberts, Ann M.
700 _aHofrichter, Frima Fox
700 _aJacobs, Joseph
942 _2lcc
_cBOOKS
_hN 5300 .J3 2007